000 00527cam a22002171 4500
001 sa 64003924
003 DLC
005 20260227112021.0
008 890426s1963 ii 000 0 hino
010 _asa 64003924
035 _a(OCoLC)19609231
040 _aDLC
_cWaU
_dDLC
042 _apremarc
050 0 0 _aPK2098.D32
_bZ86
100 1 _aRāya, Lallana.
245 1 0 _aʻRatnākaraʼ kā kāvya.
260 _c1963.
300 _a13, 191 p.
_c19 cm.
500 _aIn Hindi.
600 1 0 _aDas, Jagannath,
_d1866-1932.
999 _c58197
_d58197